000 01173nam a22003137a 4500
003 OSt
005 20260530115317.0
008 260507b2011 mx a|||| |||| 00| 0 spa d
020 _a9786077781219
040 _aICI
_bspa
_cICI
041 _aspa
_aeng
050 4 _aE169.12
_bB4718 2011
100 1 _aBerman, Morris,
_d1944-
_eautor
_933837
240 1 0 _aTwilight of American culture.
_lespañol
245 1 3 _aEl crepúsculo de la cultura americana /
_cMorris Berman ; traducción Eduardo Rabasa
250 _acuarta edición
264 _aMéxico, D.F. :
_bSexto Piso,
_c 2011
300 _a222 páginas
500 _aTraducción de: Twilight of American culture
650 4 _aCultura popular
_zEstados Unidos
_933838
650 4 _aCorporaciones
_zEstados Unidos
_933839
650 4 _aSociedad de masas
_933840
650 4 _aVida monástica y religiosa
_xHistoria
_yEdad media, 600-1500
_933841
650 4 _aEducación humanística
_xFilosofía
_zEstados Unidos
_933842
651 4 _aEstados Unidos
_xCivilización
_y1970-
_933843
651 4 _aEstados Unidos
_xCondiciones sociales
_y1980-
_933844
700 1 _aRabasa, Eduardo,
_etraductor
_933845
942 _2lcc
_cBK
_n1
999 _c13625
_d13625